| 000 | 01213nam a2200229Ia 4500 | ||
|---|---|---|---|
| 999 |
_c37553 _d37553 |
||
| 001 | 3519 | ||
| 003 | GE_BSU | ||
| 005 | 20190611143246.0 | ||
| 008 | 181216s1984||||ge |||||||||||||| ||geo|| | ||
| 040 | _cGE_BSU | ||
| 041 | _ageo | ||
| 080 | _a69 + 657 შ-48 | ||
| 100 |
_aშენგელია, ი. _91872 |
||
| 245 |
_aმშენებლობის ორგანიზაციის, ავტომატიზაციისა და სახარჯთაღრიცხვო ღირებულების განსაზღვრის საკითხები / _cი. შენგელია ; ჯ. ბიჭიაშვილი ; რედ. ა. კუჭუხიძე. |
||
| 264 |
_aთბილისი : _bუნ-ტის გამ-ბა, _c1983. |
||
| 300 |
_a505 გვ. : _cილ. ; _b22 სმ. |
||
| 653 | _aმშენებლობის ორგანიზაცია | ||
| 653 | _aმშენებლობის ავტომატიზაცია | ||
| 700 |
_aბიჭიაშვილი, ჯ. _91873 _eავტორი |
||
| 700 |
_aკუჭუხიძე, ა. _eრედაქტორი _91874 |
||
| 942 |
_cBK _2udc |
||